私鉄が通っている駅 - Statistics

General Stats
  • This quiz has been taken 158 times
    136 since last reset
  • The average score is 17 of 34
Answers on the Grid
Answers color-coded by a green-red scale on the quiz's grid according to % correct below.
札幌
五稜郭
函館
木古内
青森
五所川原
盛岡
鷹ノ巣
角館
気仙沼
北仙台
仙台
あおば通
宇都宮
高崎
桐生
浦和
川越
赤羽
御徒町
亀戸
武蔵境
船橋
千葉
拝島
関内
川崎
越後湯沢
熱海
静岡
三島
掛川
豊川(愛知県)
千種
名古屋
大垣
近江八幡
山科
奈良
五条
桑名
河原田
和歌山
久宝寺
大阪
長居
鴫野
三ノ宮
神戸(兵庫県)
姫路
粟生
岡山
清音
岩国
黒崎
行橋
基山
久留米
長崎
大分
上熊本
川内
鹿児島中央
 
Answer Stats
Answer % Correct
五稜郭
75%
木古内
72%
仙台
62%
青森
61%
高崎
58%
拝島
58%
亀戸
56%
名古屋
56%
盛岡
54%
川越
54%
武蔵境
54%
桑名
52%
三島
51%
船橋
49%
関内
49%
大垣
49%
角館
48%
北仙台
48%
千種
48%
近江八幡
48%
山科
48%
粟生
47%
桐生
46%
長居
46%
川内
46%
掛川
45%
河原田
44%
清音
44%
千葉
42%
行橋
42%
和歌山
41%
鴫野
41%
基山
39%
上熊本
39%
No matching quizzes found
Score Distribution
Percent of People with Each Score
Percentile by Number Answered
Your Score History
You have not taken this quiz since the last reset